Online
Catalog

Descubre visual C++ 6 / (Record no. 22557)

MARC details
000 -CABECERA
campo de control de longitud fija 00924nam a2200265 a 4500
001 - NÚMERO DE CONTROL
campo de control 000023060
005 - FECHA Y HORA DE LA ÚLTIMA TRANSACCIÓN
campo de control 20200930021948.0
008 - DATOS DE LONGITUD FIJA--INFORMACIÓN GENERAL
campo de control de longitud fija 101125s1999 sp a 001 0 spa d
020 ## - NÚMERO INTERNACIONAL ESTÁNDAR DEL LIBRO
Número Internacional Estándar del Libro 8483220776
040 ## - FUENTE DE LA CATALOGACIÓN
Centro catalogador/agencia de origen DO-SdBNP
Lengua de catalogación spa
Centro/agencia transcriptor BNPHU
082 ## - NÚMERO DE LA CLASIFICACIÓN DECIMAL DEWEY
Número de clasificación 005.133
Número de documento/Ítem B329d
049 ## - FONDOS LOCALES (OCLC)
Fondos de biblioteca BNGR
100 1# - ENTRADA PRINCIPAL--NOMBRE DE PERSONA
Nombre de persona Bates, Jon
9 (RLIN) 47467
240 10 - TÍTULO UNIFORME
Título uniforme Using Visual C++ 6.
Lenguaje de la obra Español
245 10 - MENCIÓN DE TÍTULO
Título Descubre visual C++ 6 /
Mención de responsabilidad, etc. Jon Bates, Tim Tomkins ; traducción de Rafael García-Bermejo.
260 ## - PUBLICACIÓN, DISTRIBUCIÓN, ETC.
Lugar de publicación, distribución, etc. Madrid :
Nombre del editor, distribuidor, etc. Prentice Hall,
Fecha de publicación, distribución, etc. 1999.
300 ## - DESCRIPCIÓN FÍSICA
Extensión Madrid :
Otras características físicas Prentice Hall, ;
Dimensiones 1999.
500 ## - NOTA GENERAL
Nota general Incluye índice analítico y glosario.
534 ## - NOTA SOBRE LA VERSIÓN ORIGINAL
Encabezamiento principal del original Título original:
Mención de título del original Using Visual C++ 6.
650 #4 - PUNTO DE ACCESO ADICIONAL DE MATERIA--TÉRMINO DE MATERIA
Término de materia o nombre geográfico como elemento de entrada Visual c ++6 (lenguaje de programación de computadores)
9 (RLIN) 47468
650 #4 - PUNTO DE ACCESO ADICIONAL DE MATERIA--TÉRMINO DE MATERIA
Término de materia o nombre geográfico como elemento de entrada C (lenguaje de programacion de computadores)
9 (RLIN) 47469
700 1# - PUNTO DE ACCESO ADICIONAL--NOMBRE DE PERSONA
Nombre de persona García-Bermejo, Rafael,
Término indicativo de función/relación tr.
9 (RLIN) 47470
700 1# - PUNTO DE ACCESO ADICIONAL--NOMBRE DE PERSONA
Nombre de persona Tomkins, Tim
9 (RLIN) 47471
910 ## - DATOS DE OPCIÓN DEL USUARIO (OCLC)
Datos de opción del usuario WM
Holdings
Estado de retiro Estado de pérdida Restricciones de uso No para préstamo Código de colección Localización permanente Ubicación/localización actual Ubicación en estantería Fecha de adquisición Número de inventario Total de préstamos Signatura topográfica completa Código de barras Fecha visto por última vez Precio válido a partir de Tipo de ítem Koha
        Monografías: Libros y Folletos General General Depósito 25.11.2010 LF1   005.133 B329d 23060-10 25.06.2020 25.06.2020 Préstamo en sala

Powered by Koha